zpět

Detail výsledku týmu

Záložna ST, Pardubice

Datum a čas kvízu

19.5 Celkem bodů Celkový počet nahraných bodů na tomto kvízu bez doplňovacích otázek.
13. Pořadí na kvízu Konečné umístění týmu na tomto kvízu.

Zaznamenané odpovědi

# Otázka Odpověď Body Výsledky
1. Nově zvolený prezident Pavel z... Hrzánský palác 1
2. Ve věku 79 let zemřel v neděli... Pákistán 0
3. Takovou party ještě strašnické... Petr Hošek 1
4. Česká pošta od února zdražila... 23 Kč 0
5. Ve čtvrtek měl premiéru další... Zlatan Ibrahimović, Tomáš Ujfaluši 0.5
6. Nyní se zaměříme na umělce a j... Josef Toufar 0
7. Postava francouzského malíře P... B) šimpanz 1
8. Za kontroverzní byl ve své dob... Édouard Manet, Snídaně v trávě 0
9. Slavný italský umělec Maurizio... o banán 1
10. V poslední otázce se vrátíme k... Entropa 0